Ч. 2; Технология сварки плавлением

Detalles Bibliográficos
Parent link:Технология сварки плавлением: учебное пособие/ Р. И. Дедюх; Национальный исследовательский Томский политехнический университет (ТПУ), Институт неразрушающего контроля (ИНК), Кафедра оборудования и технологии сварочного производства (ОТСП). Ч. 2.— , 2015
Sumario:Заглавие с титульного экрана
Электронная версия печатной публикации
Режим доступа: из корпоративной сети ТПУ
Lenguaje:ruso
Publicado: 2015
Materias:
Acceso en línea:http://www.lib.tpu.ru/fulltext2/m/2015/m245.pdf
Formato: Electrónico Libro
KOHA link:https://koha.lib.tpu.ru/cgi-bin/koha/opac-detail.pl?biblionumber=301798

MARC

LEADER 00000nlm2a2200000 4500
001 301798
005 20231102001433.0
035 |a (RuTPU)RU\TPU\book\326975 
090 |a 301798 
100 |a 20150813d2015 m y0rusy50 ca 
101 0 |a rus 
102 |a RU 
105 |a a j 001zy 
135 |a drcn ---uucaa 
200 0 |a Ч. 2  |g Национальный исследовательский Томский политехнический университет (ТПУ), Институт неразрушающего контроля (ИНК), Кафедра оборудования и технологии сварочного производства (ОТСП) 
210 |d 2015 
230 |a 1 компьютерный файл (pdf; 1.8 MB) 
300 |a Заглавие с титульного экрана 
300 |a Электронная версия печатной публикации 
333 |a Режим доступа: из корпоративной сети ТПУ 
337 |a Adobe Reader 
461 1 |0 (RuTPU)RU\TPU\book\326974  |t Технология сварки плавлением  |o учебное пособие  |f Р. И. Дедюх  |g Национальный исследовательский Томский политехнический университет (ТПУ), Институт неразрушающего контроля (ИНК), Кафедра оборудования и технологии сварочного производства (ОТСП)  |v Ч. 2  |d 2015 
606 1 |a Сварка плавлением  |2 stltpush  |3 (RuTPU)RU\TPU\subj\53939  |9 72103 
610 1 |a электронный ресурс 
610 1 |a учебные пособия 
610 1 |a труды учёных ТПУ 
610 1 |a сварка 
610 1 |a нагрев 
610 1 |a технология 
610 1 |a стали 
610 1 |a чугун 
610 1 |a цветные металлы 
610 1 |a сварные соединения 
610 1 |a сплавы алюминия 
610 1 |a титан 
610 1 |a медь 
610 1 |a тугоплавкие металлы 
675 |a 621.791.65(075.8)  |v 3 
801 2 |a RU  |b 63413507  |c 20160610  |g RCR 
856 4 |u http://www.lib.tpu.ru/fulltext2/m/2015/m245.pdf 
900 |a Технология сварочного производства 
942 |c CF